Drapeaux similaires monde - Statistiques

Statistiques générales
  • Ce quiz a été pris 113 fois
  • Le résultat moyen est 13 sur 16
Statistiques - réponses
Par images Réponse % Correct
Australie
95%
Nouvelle Zelande
91%
Liberia
90%
Tunisie
90%
Turquie
90%
Colombie
89%
Qatar
89%
Equateur
87%
Roumanie
87%
Luxembourg
85%
Andorre
84%
Bahrein
81%
Costa rica
80%
Thailande
80%
Tchad
74%
Etat unis
26%
Aucun quiz correspondant
Distribution des résultats
% des personnes avec chaque résultat
Percentile par nombre de réponses
Votre historique - résultats
Vous n’avez pas pris ce quiz